Ateneo del Ejército y Armada : (Record no. 161274)

MARC details
000 -LEADER
campo de control de longitud fija 00752nam a2200169 i 4500
001 - NÚMERO DE CONTROL
campo de control 161274
003 - IDENTIFICADOR DE NÚMERO DE CONTROL
campo de control ES-MaACL
005 - FECHA Y HORA DE LA ÚLTIMA TRANSACCIÓN
campo de control 20230906212235.0
008 - DATOS DE LONGITUD FIJA--INFORMACIÓN GENERAL
campo de control de longitud fija 011015s1872 sp |||| | spa d
080 ## - NÚMERO DE LA CLASIFICACIÓN DECIMAL UNIVERSAL
Número de la Clasificación Decimal Universal 061.22(460.27 M.)
100 1# - ENTRADA PRINCIPAL--NOMBRE DE PERSONA
Nombre de persona Palacio y Trujillo, José del.
9 (RLIN) 130781
245 10 - MENCIÓN DEL TÍTULO
Título Ateneo del Ejército y Armada :
Resto del título discurso pronunciado el día 19 de octubre de 1872, con motivo de la apertura de sus cátedras /
Mención de responsabilidad, etc. por el socio fundador D. José del Palacio y Trujillo.
260 ## - PUBLICACIÓN, DISTRIBUCIÓN, ETC.
Lugar de publicación, distribución, etc. Madrid :
Nombre del editor, distribuidor, etc. [s.n.],
Fecha de publicación, distribución, etc. 1872 (
Fabricante Estab. Tip. de P. Abienzo)
300 ## - DESCRIPCIÓN FÍSICA
Extensión 13 p. ;
Dimensiones 24 cm.
610 24 - PUNTO DE ACCESO ADICIONAL DE MATERIA--NOMBRE DE ENTIDAD CORPORATIVA
Nombre de entidad corporativa o nombre de jurisdicción como elemento de entrada Ateneo del Ejército y de la Armada (Madrid)
9 (RLIN) 134158
852 4# - LOCALIZACIÓN
Ubicación ES-MaACL
Número de control de estantería T-144-F-3
Nota libre - Enc. hol., falto de cub. original
-- - Enc. en un vol. facticio
Holdings
Estatus retirado Estado de pérdida Estado de daño No para préstamo Colección Biblioteca de origen Biblioteca actual Ubicación en estantería Fecha de adquisición Total de préstamos Signatura topográfica completa Código de barras Visto por última vez Precio de reemplazo Tipo de ítem Koha
        Colección de folletos Biblioteca del Ateneo de Madrid Biblioteca del Ateneo de Madrid Depósito folletos 17/01/2008   T-144-F-3 1168924 23/02/2023 23/02/2023 Folleto